000 00616nam a2200229 a 4500
999 _c1639
_d1639
007 ta
008 200113t 2006xxka|||g |||| 00| 0 eng d
020 _a9780851747361
_c£. 44.64
040 _aKO
_beng
041 0 _aeng
044 _axxk
082 0 4 _223
_a623.88
_bM2251
100 1 _aMcLeod, William A.
245 1 0 _aThe Boatswain's Manual /
_cWilliam A. McLeod
260 _aGlasgow :
_bBrown, Son and Ferguson, Limited ,
_c2006
300 _aix , 332 p. :
_bill. ;
_c22 cm.
504 _aIncludes Index.
650 0 _aSeamanship
_vHandbooks, manuals, etc
904 _aReshma_R
942 _cBK